Flags of Countries That End in D - Statistics

General Stats
  • This quiz has been taken 65 times
  • The average score is 8 of 8
Answer Stats
Picture Answer % Correct
Switzerland
100%
Finland
98%
Iceland
98%
Ireland
98%
New Zealand
98%
Poland
98%
Thailand
90%
Chad
74%
No matching quizzes found
Score Distribution
Percent of People with Each Score
Percentile by Number Answered
Your Score History
You have not taken this quiz